| 000 | 00356pab a2200145 454500 | ||
|---|---|---|---|
| 008 | 180718b2002 xxu||||| |||| 00| 0 eng d | ||
| 100 | _aHilson, Chris | ||
| 245 | _aJudicial review, policies and the fettering of discretion | ||
| 260 | _c2002 | ||
| 300 | _ap.111-27. | ||
| 362 | _aSpring | ||
| 650 | _aJudiciary | ||
| 773 | _aPublic Law | ||
| 909 | _a52344 | ||
| 999 |
_c52344 _d52344 |
||